| 000 | 00692cab a2200229 4500 | ||
|---|---|---|---|
| 001 | E84589 | ||
| 008 | 090401t1997 xxu||||| |||| 00| 0 eng d | ||
| 035 | _a(Sirsi) u78986 | ||
| 041 | _aeng | ||
| 245 | _aDavidson v Kerr | ||
| 260 | _c1997 | ||
| 350 | _a0 | ||
| 490 |
_aGreens Housing Law Reports _v1997 HousLR 11-14(4) |
||
| 520 | _aSheriffdom of Lothian and Borders at Edinburgh. 29 November 1996. Interdict - nuisance - noises from neighbouring property - whether noises amounted a nuisance. | ||
| 650 | _aNOISE POLLUTION | ||
| 650 | _aNUISANCE | ||
| 650 | _aSTEP CONSTRUCTION | ||
| 650 | _aTILBURY DOUGLAS | ||
| 690 | _aHOUSING-CASE LAW | ||
| 942 | _n0 | ||
| 948 | _c17/06/1997 | ||
| 999 |
_c49634 _d49634 |
||